00293nam a2200133Ia 4500008004100000041000800041082000800049100002000057245002100077250000800098260002600106542001500132650001200147220531s9999 xx 000 0 und d aeng bFOR aForster, E. M. aPassage To India a1ST bPengain Classicc1966 d31-03-1996 aEnglish